Einstein On the Beach (Record n. 101642)

Dettagli MARC
000 -LEADER
fixed length control field 01039njm a2200313Ia 4500
001 - CONTROL NUMBER
control field C6730
003 - CONTROL NUMBER IDENTIFIER
control field IT-RoPAU
005 - DATE AND TIME OF LATEST TRANSACTION
control field 20220918181146.0
008 - FIXED-LENGTH DATA ELEMENTS--GENERAL INFORMATION
fixed length control field 131025s9999 xx 000 0 und d
040 ## - CATALOGING SOURCE
Original cataloging agency IT-RoPAU
040 ## - CATALOGING SOURCE
Transcribing agency IT-RoPAU
999 ## - SYSTEM CONTROL NUMBERS (KOHA)
Koha Dewey Subclass [OBSOLETE] n.d.
100 ## - MAIN ENTRY--PERSONAL NAME
Personal name Glass Philip
9 (RLIN) 14251
100 ## - MAIN ENTRY--PERSONAL NAME
Relator term Autore musica
9 (RLIN) 30248
100 ## - MAIN ENTRY--PERSONAL NAME
Miscellaneous information Codice autore musica SPICS: 11482
9 (RLIN) 14253
245 ## - TITLE STATEMENT
Title Einstein On the Beach
250 ## - EDITION STATEMENT
Edition statement 1a ed.
260 ## - PUBLICATION, DISTRIBUTION, ETC. (IMPRINT)
Place of publication, distribution, etc. GERMANY
260 ## - PUBLICATION, DISTRIBUTION, ETC. (IMPRINT)
Name of publisher, distributor, etc. ELEKTRA RECORDS
Date of publication, distribution, etc. 1993 [1a Ed.:1993 - Ed. Lingua Orig.: 1993]
300 ## - PHYSICAL DESCRIPTION
Extent COMPACT DISC
300 ## - PHYSICAL DESCRIPTION
Dimensions 200 minuti (Testo: 112 pag.)
500 ## - GENERAL NOTE
General note Musica minimale.
505 ## - FORMATTED CONTENTS NOTE
Formatted contents note Opera in quattro atti.
650 ## - SUBJECT ADDED ENTRY--TOPICAL TERM
Topical term or geographic name as entry element MINIMALE [COMPACT DISC]
Relator term Codice MATERIA SPICS: 9949
9 (RLIN) 30249
700 ## - ADDED ENTRY--PERSONAL NAME
Personal name Glass Philip
Relator term Autore testo e musica
Miscellaneous information Codice autore testo/musica SPICS: 11482
9 (RLIN) 30250
700 ## - ADDED ENTRY--PERSONAL NAME
Personal name Glass Philip
Miscellaneous information Codice interprete SPICS: 11482
Relator term Interprete
9 (RLIN) 30251
700 ## - ADDED ENTRY--PERSONAL NAME
Personal name Wilson Robert
Relator term Autore
Miscellaneous information Codice autore SPICS: 42468
9 (RLIN) 30252
942 ## - ADDED ENTRY ELEMENTS (KOHA)
Koha item type CD AUDIO
Source of classification or shelving scheme Dewey Decimal Classification
Dati di copia
Withdrawn status Lost status Damaged status Not for loan Home library Current library Date acquired Total Checkouts Full call number Date last seen Price effective from Koha item type Public note
    Buone Condizioni Not For Loan SPICS-MEDIATECA SPICS-MEDIATECA 25/10/2013   C6730 25/10/2013 25/10/2013 CD AUDIO Progr. Ins.: 1432 / N.Vol.: 3 / Copie: 1 - Copia rara: n.d. / date import: 01.01.2014 - By Epidotti, Trombetti, Vaglietti
CREDITS: SOCIETA' SAN PAOLO Via A.Severo, 58 - ROMA (RM) & PERIODICI SAN PAOLO SRL Via Giotto, 36 MILANO & CISF Via Giotto, 36 MILANO & EDIZIONI SAN PAOLO SRL,  Piazza Soncino, 5 CINISELLO BALSAMO (MI) -- ITALY